Top Goalscorers in Europe's Top 5 Leagues for 20/21 - Statistics

General Stats
  • This quiz has been taken 234 times
    179 since last reset
  • The average score is 28 of 52
Answer Stats
Group # Goals Club Answer % Correct
Premier League 6 16 Everton Dominic Calvert-Lewin
100%
Bundesliga 1 41 Bayern München Robert Lewandowski
99%
La Liga 2 23 Real Madrid Karim Benzema
92%
Premier League 1 23 Tottenham Hotspur Harry Kane
91%
La Liga 1 30 Barcelona Lionel Messi
91%
Premier League 2 22 Liverpool Mohamed Salah
90%
Premier League 4 17 Tottenham Hotspur Son Heung-Min
90%
Ligue 1 1 27 Paris Saint-Germain Kylian Mbappé
89%
Serie A 1 29 Juventus Cristiano Ronaldo
88%
Premier League 7 15 Leicester City Jamie Vardy
87%
Bundesliga 3 27 Borussia Dortmund Erling Haaland
83%
La Liga 4 21 Atlético Madrid Luis Suárez
81%
Serie A 2 24 Inter Milan Romelu Lukaku
81%
Premier League 9 13 Arsenal Alexandre Lacazette
77%
Premier League 3 18 Manchester United Bruno Fernandes
74%
Serie A 5 20 Lazio Ciro Immobile
74%
Bundesliga 8 11 Bayern München Thomas Müller
74%
La Liga 2 23 Villarreal Gerard Moreno
73%
Serie A 8 17 Inter Milan Lautaro Martínez
73%
La Liga 8 13 Barcelona Antoine Griezmann
70%
Ligue 1 2 20 AS Monaco Wissam Ben Yedder
68%
La Liga 7 14 Celta Vigo Iago Aspas
67%
Premier League 4 17 Leeds United Patrick Bamford
66%
Bundesliga 2 28 Eintracht Frankfurt André Silva
63%
Serie A 7 19 Napoli Lorenzo Insigne
62%
Premier League 8 14 Aston Villa Ollie Watkins
62%
Premier League 9 13 Manchester City İlkay Gündoğan
58%
Serie A 3 22 Atalanta Luis Muriel
56%
Bundesliga 4 20 Hoffenheim Andrej Kramarić
52%
Ligue 1 2 20 Olympique Lyon Memphis Depay
52%
Serie A 4 21 Fiorentina Dušan Vlahović
48%
Serie A 8 17 Sassuolo Domenico Berardi
46%
La Liga 5 18 Sevilla Youssef En-Nesyri
37%
Ligue 1 4 16 AS Monaco Kevin Volland
36%
Bundesliga 4 20 Wolfsburg Wout Weghorst
36%
La Liga 6 17 Real Sociedad Alexander Isak
34%
Ligue 1 4 16 Lille Burak Yılmaz
29%
Ligue 1 9 14 Reims Boulaye Dia
26%
La Liga 8 13 Levante José Luis Morales
26%
Bundesliga 8 11 Union Berlin Max Kruse
24%
Bundesliga 7 14 Borussia Mönchengladbach Lars Stindl
23%
Serie A 10 16 Cagliari João Pedro
19%
Ligue 1 9 14 Olympique Lyon Karl Toko Ekambi
19%
Ligue 1 8 15 Montpellier Andy Delort
14%
Ligue 1 4 16 Montpellier Gaëtan Laborde
13%
Bundesliga 8 11 Bayer Leverkusen Lucas Alario
13%
Ligue 1 4 16 Strasbourg Ludovic Ajorque
12%
La Liga 8 13 Huesca Rafa Mir
12%
Bundesliga 6 16 Vfb Stuttgart Sasa Kalajdzic
12%
Bundesliga 8 11 Vfb Stuttgart Silas Wamangituka
12%
Serie A 5 20 Crotone Simeon Nwankwo
11%
Ligue 1 9 14 Lorient Terem Moffi
3%
No matching quizzes found
Score Distribution
Percent of People with Each Score
Percentile by Number Answered
Your Score History
You have not taken this quiz since the last reset